000 01542 a2200217 4500
001 59784
005 20260407155851.0
008 260407a1959 arg spa d
003 AR-UNSa-BCEJYS
040 _aAR-UNSa-BCEJYS
_bspa
_cAR-UNSa-BCEJYS
080 _a342.5
_xPoderes del estado. Sistema y función de los órganos del gobierno
245 1 0 _aGobierno y administración de la República Argentina
250 _a2a. ed.
264 1 _aBuenos Aires :
_bTEA (Tipográfica Editora Argentina)
_c1959
300 _a2 v. (515 ; 453 p.)
_c23 cm.
505 _aVol. I: 1. Derecho - 2. La organización política de los estados modernos. La era constitucional en Europa y en América - 3. El Estado moderno y sus funciones – 4. Agentes del servicio público – 5. La constitución argentina: sus antecedentes – 6. Caracteres de la forma representativa republicana federal – 7. Poder ejecutivo – 8. Poder judicial – 9. Formación del Tesoro Nacional -- Vol. II: 10. Derecho público provincial – 11. Régimen municipal – 12. Organización administrativa argentina – 13. Régimen aduanero – 14. Régimen legal de la tierra pública – 15. Tributos – 16. Régimen de recaudación, inversión y contralor – 17. Derechos y garantías constitucionales – 18. Limitaciones administrativas a la propiedad privada – 19. Suspensión de las garantías constitucionales – 20. Responsabilidad del estado
041 _aspa
942 _cBK
590 _aniveau_biblio:m niveau_hierar:0
100 1 _aLinares Quintana, Segundo V.
999 _c6821
_d6821